书目信息 |
| 题名: |
语用学概论
|
|
| 作者: | 何自然 , 冉永平 编著 | |
| 分册: | ||
| 出版信息: | 长沙 湖南教育出版社 2002 |
|
| 页数: | 393页 | |
| 开本: | 23cm | |
| 丛书名: | ||
| 单 册: | ||
| 中图分类: | H0 | |
| 科图分类: | ||
| 主题词: | 语用学--高等学校--教材 , 语用学 | |
| 电子资源: | ||
| ISBN: | 7-5355-0533-3 | |
| 000 | 00895nam0 2200289 45 | |
| 001 | 0192029612 | |
| 005 | 20100325103633.93 | |
| 010 | @a7-5355-0533-3@dCNY36.00 | |
| 100 | @a20030110d2002 em y0chiy0121 ea | |
| 101 | 2 | @achi@aeng |
| 102 | @aCN@b430000 | |
| 105 | @ay j 000yy | |
| 106 | @ar | |
| 200 | 1 | @a语用学概论@9yu yong xue gai lun@f何自然,冉永平编著 |
| 205 | @a2版@b修订本 | |
| 210 | @a长沙@c湖南教育出版社@d2002 | |
| 215 | @a393页@d23cm | |
| 300 | @a语言学系列教材 | |
| 330 | @a本书内容包括:什么是语用学、指示语、合作原则和会话含意、礼貌的语用研究、言语行为、形式与结构的语用研究、会话的语用研究等。 | |
| 510 | 1 | @aA survey of pragmatics@zeng |
| 606 | 0 | @a语用学@x高等学校@j教材 |
| 606 | 0 | @a语用学 |
| 690 | @aH0@v4 | |
| 701 | 0 | @a何自然@9he zi ran@4编著 |
| 701 | 0 | @a冉永平@9ran yong ping@4编著 |
| 801 | 0 | @aCN@bNLC@c20100325 |
| 905 | @b799087-91@dH0@e201=2@f5 | |
| 语用学概论/何自然,冉永平编著.-2版,修订本.-长沙:湖南教育出版社,2002 |
| 393页;23cm |
| 语言学系列教材 |
| ISBN 7-5355-0533-3:CNY36.00 |
| 本书内容包括:什么是语用学、指示语、合作原则和会话含意、礼貌的语用研究、言语行为、形式与结构的语用研究、会话的语用研究等。 |
| ● |
| 相关链接 |
|
|
|
|
正题名:语用学概论
索取号:H0/201=2
 
预约/预借
| 序号 | 登录号 | 条形码 | 馆藏地/架位号 | 状态 | 备注 |
| 1 | 799087 | 207990879 | 第二样本阅览室/ [索取号:H0/201=2] | 在馆 | |
| 2 | 799088 | 207990888 | 第四借阅区/ [索取号:H0/201=2] | 在馆 | |
| 3 | 799089 | 207990897 | 第四借阅区/ [索取号:H0/201=2] | 在馆 | |
| 4 | 799090 | 207990904 | 第四借阅区/ [索取号:H0/201=2] | 在馆 | |
| 5 | 799091 | 207990913 | 第四借阅区/ [索取号:H0/201=2] | 在馆 |